| 000 | 00545nam a2200181 4500 | ||
|---|---|---|---|
| 001 | 121070 | ||
| 003 | ES-MaACL | ||
| 005 | 20250724063411.0 | ||
| 007 | t| | ||
| 008 | 070214s1971 sp r ||||1| gao d | ||
| 100 | 1 |
_aPondal, Eduardo, _d1835-1917 _992970 |
|
| 245 | 1 | 0 |
_aNovos poemas / _cEduardo Pondal ; limiar, trascrición e notas de Amado Ricón. |
| 260 |
_aVigo : _bGalaxia, _c1971. |
||
| 300 |
_aXXII, 184 p. ; _c23 cm. |
||
| 700 | 1 |
_aRicón, Amado. _997044 |
|
| 852 |
_aES-MaACL _jC-39081 _bR.79316 |
||
| 999 |
_c121070 _d121070 |
||